| 000 | 01723nam a2200457 c 4500 | ||
|---|---|---|---|
| 001 | 52347 | ||
| 003 | ES-MaCES | ||
| 005 | 20250203133932.0 | ||
| 007 | cr ||||||||||| | ||
| 008 | 220624s2021 fr rt i000 | eng d | ||
| 020 | _a9789264708723 (print) | ||
| 020 | _a9789264340336 (pdf) | ||
| 040 |
_aES-MaCES _bspa _cES-MaCES |
||
| 245 | 0 | 0 |
_aOECD employment outlook 2021 _hRecurso electrónico _b: navigating the COVID-19 crisis and recovery |
| 260 |
_aParis _bOECD _c[2021] |
||
| 300 |
_a1 documento pdf _bgráf. col. _c(9,59 mb) |
||
| 541 | _cSuscripción conjunta | ||
| 650 | 4 |
_aempleo _928299 |
|
| 650 | 4 |
_amercado de trabajo _928292 |
|
| 650 | 4 |
_aCovid-19 _939751 |
|
| 650 | 4 |
_acrisis económica _927102 |
|
| 650 | 4 |
_aevaluación del impacto _930732 |
|
| 650 | 4 |
_asubcontratación _928256 |
|
| 650 | 4 |
_atrabajador doméstico _928431 |
|
| 650 | 4 |
_asalario bajo _930448 |
|
| 650 | 4 |
_aordenamiento del tiempo de trabajo _929205 |
|
| 650 | 4 |
_apolítica laboral _928290 |
|
| 650 | 4 |
_apolítica de empleo _928300 |
|
| 650 | 4 |
_afomento del empleo _930270 |
|
| 650 | 4 |
_acreación de empleos _929242 |
|
| 650 | 4 |
_apaís de la OCDE _929055 |
|
| 650 | 4 |
_a2021 _939925 |
|
| 650 | 4 |
_ainforme _928986 |
|
| 653 | 1 | 0 | _aEmpleo |
| 710 | 2 |
_aOrganización de Cooperación y Desarrollo Económico _eed. _94694 |
|
| 787 | 0 |
_tOECD employment outlook 2020 [Recurso electrónico] : worker security and the COVID-19 crisis _w(ES-MaCES)51823 |
|
| 856 | 4 |
_uhttps://doi.org/10.1787/5a700c4b-en _yhttps://doi.org/10.1787/5a700c4b-en [shows all issues in this serial] |
|
| 856 | 4 |
_ytexto completo _uhttp://biblioteca.ces.es/repintra/B52347.pdf _z[intranet] |
|
| 902 | _aELE PUB. ELECTRONICA | ||
| 942 |
_2CES _cBK _h2.1. |
||
| 999 |
_c52347 _d52347 |
||